[Event "Zhukovsky Cup"]
[Site "Zhukovsky"]
[Date "2008.??.??"]
[Round "4"]
[White "Rubakov, Anatoly"]
[Black "Onishchenko, Mikhail"]
[Result "0-1"]
[WhiteElo "1905"]
[BlackElo "1913"]
[PlyCount "118"]
[EventDate "2008.04.21"]
[EventType "swiss"]
[EventRounds "9"]
[EventCountry "RUS"]
[SourceTitle "EXT 2022"]
[Source "ChessBase"]
[SourceDate "2021.10.06"]
[SourceVersion "1"]
[SourceVersionDate "2021.10.06"]
[SourceQuality "1"]

1. e4 c6 2. d4 g6 3. g3 Bg7 4. Bg2 e6 5. Ne2 d5 6. e5 Nd7 7. 0-0 c5 8. c3 b6 9. Re1 h5 10. h4 Bh6 11. Be3 Ne7 12. Bxh6 Rxh6 13. Nf4 Nf5 14. Qd2 Ba6 15. Nxe6 fxe6 16. Bh3 Rh7 17. a4 Qe7 18. a5 b5 19. Na3 Rb8 20. Nc2 b4 21. dxc5 bxc3 22. bxc3 Nxc5 23. Nb4 Bb5 24. Rab1 Ne4 25. Qb2 Rc8 26. Nxd5 exd5 27. Qxb5+ Qd7 28. Qa6 Qc6 29. Qxc6+ Rxc6 30. Rb8+ Kd7 31. Rb7+ Rc7 32. a6 Ke6 33. Reb1 Nc5 34. Rb8 Nxa6 35. Re8+ Rhe7 36. Rf8 Kxe5 37. Re1+ Kd6 38. Rf6+ Kc5 39. Rxe7 Rxe7 40. Rxa6 Nd6 41. Kf1 Rf7 42. Bg2 Rg7 43. Ra5+ Nb5 44. Bxd5 Kb6 45. Ra1 Nxc3 46. Bf3 a5 47. Rc1 Rc7 48. g4 hxg4 49. Bxg4 a4 50. Be6 a3 51. Bf7 Rxf7 52. Rxc3 Ra7 53. Rb3+ Kc5 54. Rb1 a2 55. Ra1 Kc4 56. Ke2 Kb3 57. Kf3 Kb2 58. Rxa2+ Kxa2 59. Kg4 Ra5 0-1

[Event "Zhukovsky Naukograd-C"]
[Site "Zhukovsky"]
[Date "2007.04.01"]
[Round "11"]
[White "Orekhovsky, Vasily"]
[Black "Rubakov, Anatoly"]
[Result "1-0"]
[WhiteElo "2089"]
[BlackElo "2000"]
[PlyCount "99"]
[EventDate "2007.04.01"]
[EventType "tourn"]
[EventRounds "11"]
[EventCountry "RUS"]
[SourceTitle "EXT 2022"]
[Source "ChessBase"]
[SourceDate "2021.10.06"]
[SourceVersion "1"]
[SourceVersionDate "2021.10.06"]
[SourceQuality "1"]

1. e4 d6 2. d4 Nf6 3. Nc3 g6 4. Nf3 Bg7 5. Be3 Ng4 6. Qd2 Nxe3 7. Qxe3 Bg4 8. Be2 Nc6 9. Rd1 0-0 10. 0-0 Bxf3 11. Bxf3 e5 12. d5 Ne7 13. Be2 f5 14. f3 f4 15. Qd2 g5 16. Na4 Ng6 17. c4 b6 18. b4 a5 19. b5 h5 20. Nb2 Rf6 21. Kf2 Qe7 22. Ke1 Raf8 23. Qc3 Nh4 24. Rf2 Qd7 25. h3 R6f7 26. Kd2 Nf5 27. Rg1 Nd4 28. Nd3 g4 29. hxg4 hxg4 30. Rh1 g3 31. Rff1 Bf6 32. Qc1 Rh7 33. Rxh7 Qxh7 34. Rh1 Qe7 35. Rh3 Rf7 36. Qh1 Rh7 37. Bf1 Bh4 38. Kc3 Qg5 39. Kd2 Qf6 40. Nc1 Rh6 41. Nb3 Nf5 42. exf5 e4 43. Kc2 e3 44. Bd3 a4 45. Na1 Qd4 46. Rxh4 Rxh4 47. Qxh4 a3 48. Qd8+ Kg7 49. Qxc7+ Kh6 50. Qxd6+ 1-0

[Event "Zhukovsky Naukograd-C"]
[Site "Zhukovsky"]
[Date "2007.04.01"]
[Round "6"]
[White "Rubakov, Anatoly"]
[Black "Artemiyev, Aleksandr"]
[Result "0-1"]
[WhiteElo "2000"]
[BlackElo "2004"]
[PlyCount "74"]
[EventDate "2007.04.01"]
[EventType "tourn"]
[EventRounds "11"]
[EventCountry "RUS"]
[SourceTitle "EXT 2022"]
[Source "ChessBase"]
[SourceDate "2021.10.06"]
[SourceVersion "1"]
[SourceVersionDate "2021.10.06"]
[SourceQuality "1"]

1. e4 e6 2. d4 d5 3. Nc3 Nf6 4. e5 Nfd7 5. Nf3 c5 6. Ne2 Nc6 7. c3 Be7 8. Ng3 Qb6 9. Nh5 0-0 10. Bd3 g6 11. Ng5 cxd4 12. Nxh7 Kxh7 13. Nf6+ Nxf6 14. exf6 Bxf6 15. Qh5+ Kg8 16. Bxg6 fxg6 17. Qxg6+ Bg7 18. Bh6 Qc7 19. h4 Qe5+ 20. Kf1 Qf6 21. Qxf6 Rxf6 22. Bg5 Rf7 23. h5 dxc3 24. bxc3 Bxc3 25. Rc1 Bf6 26. Bd2 e5 27. h6 Kh7 28. f3 Bf5 29. g4 Bd3+ 30. Kg2 Raf8 31. Rh3 Rg8 32. Rch1 Bg5 33. Bxg5 Rxg5 34. Rd1 e4 35. Kf2 Rxg4 36. Ke3 d4+ 37. Kd2 Rg2+ 0-1

[Event "Zhukovsky Naukograd-C"]
[Site "Zhukovsky"]
[Date "2007.04.01"]
[Round "5"]
[White "Rubakov, Anatoly"]
[Black "Vatolin, Petr"]
[Result "1-0"]
[WhiteElo "2000"]
[BlackElo "1736"]
[PlyCount "43"]
[EventDate "2007.04.01"]
[EventType "tourn"]
[EventRounds "11"]
[EventCountry "RUS"]
[SourceTitle "EXT 2022"]
[Source "ChessBase"]
[SourceDate "2021.10.06"]
[SourceVersion "1"]
[SourceVersionDate "2021.10.06"]
[SourceQuality "1"]

1. e4 g6 2. Nc3 c6 3. Bc4 Bg7 4. Nf3 e6 5. e5 b5 6. Bb3 Ba6 7. Ne4 Qe7 8. Nd6+ Kf8 9. d4 c5 10. c3 Nc6 11. 0-0 c4 12. Bc2 Bh6 13. Bxh6+ Nxh6 14. Qd2 Nf5 15. Bxf5 h5 16. Be4 Rd8 17. Ng5 h4 18. Ngxf7 Kg7 19. Qf4 g5 20. Qg4 b4 21. Nxg5 Kh6 22. Ngf7+ 1-0

[Event "Kolomna Rating 1st"]
[Site "Kolomna"]
[Date "2007.03.04"]
[Round "5"]
[White "Tamarovskiy, Andrey"]
[Black "Rubakov, Anatoly"]
[Result "1/2-1/2"]
[WhiteElo "1887"]
[BlackElo "2062"]
[PlyCount "128"]
[EventDate "2007.02.26"]
[EventType "tourn"]
[EventRounds "11"]
[EventCountry "RUS"]
[SourceTitle "EXT 2022"]
[Source "ChessBase"]
[SourceDate "2021.10.06"]
[SourceVersion "1"]
[SourceVersionDate "2021.10.06"]
[SourceQuality "1"]

1. e4 c5 2. Nf3 d6 3. Bb5+ Bd7 4. Bxd7+ Nxd7 5. 0-0 e5 6. c4 Be7 7. d3 f5 8. exf5 h6 9. Nc3 Ngf6 10. h3 0-0 11. Nh2 Nh7 12. g4 Bg5 13. Ne4 Bxc1 14. Rxc1 Ndf6 15. f4 exf4 16. Rxf4 Nxe4 17. dxe4 Qf6 18. Rc3 Ng5 19. h4 Nf7 20. Qe1 Qd4+ 21. Qe3 Ne5 22. g5 Qxe3+ 23. Rxe3 hxg5 24. hxg5 Nxc4 25. Rh3 Ne5 26. Rfh4 Kf7 27. g6+ Kf6 28. Ng4+ Nxg4 29. Rxg4 Rac8 30. Kf2 Rc7 31. Rd3 Rd8 32. Rd5 Rcd7 33. Rg3 a6 34. b3 b5 35. Rgd3 Ke7 36. Kf3 Rh8 37. Kg4 c4 38. bxc4 bxc4 39. Rc3 Rc7 40. e5 dxe5 41. Rxe5+ Kd6 42. Re6+ Kc5 43. Rxa6 Kd4 44. Raa3 Re7 45. Rf3 Re4+ 46. Kg5 Reh4 47. Rf4+ Rxf4 48. Kxf4 c3 49. Ra7 Rg8 50. Rc7 Kd3 51. Kg5 c2 52. f6 Kd2 53. fxg7 Rxg7 54. Rxg7 c1Q 55. Rf7 Kd3+ 56. Kh5 Qh1+ 57. Kg5 Qg2+ 58. Kh6 Qh2+ 59. Kg7 Kd4 60. Kg8 Qxa2 61. g7 Qd5 62. Kh8 Qh5+ 63. Kg8 Qd5 64. Kh8 Qh5+ 1/2-1/2